[Event "35th European Club Cup 2019"]
[Site "Ulcinj"]
[Date "2019.11.11"]
[Round "2.17"]
[White "Kislinsky, Alexey"]
[Black "Goormachtigh, Johan"]
[Result "1-0"]
[WhiteElo "2448"]
[BlackElo "2180"]
[Annotator "TA"]
[PlyCount "67"]
[EventDate "2019.11.10"]
[EventType "team-tourn"]
[EventCountry "MNE"]
[SourceTitle "playchess.com"]
[Source "ChessBase"]
[SourceQuality "1"]
[WhiteTeam "Lysa nad Labem"]
[BlackTeam "KGSRL Gent"]

{[%evp 9,67,16,25,23,11,14,25,20,97,89,100,104,95,64,95,70,66,67,107,100,99,99,118,125,116,128,164,162,159,166,157,166,165,125,125,118,123,118,122,121,147,144,146,144,148,150,145,138,225,219,314,310,412,308,308,308,308,291,263,219]} 1. e4 c5 2. c3 Nf6 3. e5 Nd5 4. Bc4 Nb6 5. Bb3 c4 (5... Nc6 6. Nf3 d5 7. exd6 Qxd6 8. Na3 Be6 9. O-O Bxb3 10. Qxb3 e6 11. d4 cxd4 12. Nb5 Qd7 13. Nbxd4 {½-½ (13) Salgado Lopez,I (2629)-Mamedov,R (2703) St Petersburg 2018}) 6. Bc2 $1 {B22: Sicilian: 2 c3} d6 7. exd6 Qxd6 8. Na3 {White has an edge.} Qe6+ $146 (8... Nc6 $11) ({Predecessor:} 8... Nc6 9. Qe2 Be6 10. Nb5 Qd7 11. Nf3 Nb4 12. cxb4 Qxb5 {0-1 (55) Steimbach,I (1957)-Ruppert,W (2140) Wiesbaden 2018}) 9. Ne2 $16 Nc6 10. O-O g6 11. d4 Bg7 12. Nf4 Qd7 13. Qe2 O-O 14. Nxc4 Nxc4 15. Qxc4 e5 {[#]} 16. dxe5 $1 Nxe5 17. Qe2 Qg4 18. f3 Qh4 19. Be3 Bd7 20. Rad1 Bc6 21. Qf2 Qxf2+ 22. Kxf2 Nc4 {[#]} 23. Bc1 $1 Rfd8 24. b3 Nd6 25. c4 b5 26. Nd5 Bxd5 27. Rxd5 bxc4 28. Rfd1 cxb3 (28... Nb7 $16 29. bxc4 Rxd5 30. cxd5 (30. Rxd5 Rc8 $16) 30... Rc8) 29. Bxb3 $18 Bf8 (29... Nb7 {was called for.} 30. Bg5 Rf8) 30. Bg5 Rd7 31. Ba4 Rb7 {White has a decisive advantage.} 32. Rxd6 Bxd6 33. Rxd6 Rb2+ 34. Rd2 {Accuracy: White = 75%, Black = 47%.} 1-0

[Event "35th European Club Cup 2019"]
[Site "Ulcinj"]
[Date "2019.11.11"]
[Round "2.17"]
[White "Haag, Gregor"]
[Black "Lundin, Jan"]
[Result "0-1"]
[WhiteElo "2368"]
[BlackElo "2300"]
[Annotator "TA"]
[PlyCount "56"]
[EventDate "2019.11.10"]
[EventType "team-tourn"]
[EventCountry "MNE"]
[SourceTitle "playchess.com"]
[Source "ChessBase"]
[SourceQuality "1"]
[WhiteTeam "Riehen SG"]
[BlackTeam "Berlin"]

{[%evp 9,56,18,26,12,26,21,32,24,25,14,47,46,43,20,91,88,112,104,136,136,151,49,145,129,133,116,193,66,91,42,64,13,54,41,104,-101,-93,-179,-182,-226,-212,-235,-219,-1054,-1006,-29990,-29991,-29991,-29991]} 1. d4 d5 2. c4 c6 3. Nf3 Nf6 4. Nc3 a6 5. Qc2 b5 (5... g6 6. Bg5 Be6 7. e4 dxe4 8. Nxe4 Nbd7 9. Nxf6+ exf6 10. Bd2 Bg7 11. Be2 O-O 12. O-O Bf5 13. Qb3 {1-0 (40) Gelfand,B (2695)-Artemiev,V (2704) Poikovsky 2018}) 6. e4 {Hoping for cxd5. D15: Slav Defence: 4 Nc3 a6 and gambit lines after 4 Nc3 dxc4} b4 7. Na4 {aiming for e5.} dxe4 8. Ne5 $1 {White is slightly better.} Bf5 9. Be3 e6 10. Be2 $146 {[%mdl 1024] White has compensation.} ({Predecessor:} 10. c5 Qc7 11. Nb6 Ra7 12. g4 Bxg4 13. Nxg4 Nxg4 14. Qxe4 {0-1 (52) Hillarp Persson,T (2523)-Volkov,S (2591) Lund 2016}) 10... h5 11. h3 $36 {[%mdl 2048] White has the initiative.} Be7 (11... Qc7 $11 {remains equal.}) 12. O-O-O $1 $16 h4 13. d5 $1 {[%cal Rd5e6]} Qc7 14. d6 $1 {[%cal Rd6c7]} Bxd6 15. Bb6 Bxe5 (15... Qe7 $14 16. Qd2 Nd5 17. cxd5 cxd5) 16. Bxc7 Bxc7 17. Qd2 a5 (17... O-O $16) 18. Qg5 (18. g4 $18 hxg3 19. fxg3) 18... Nbd7 $1 $14 {[%cal Bb8d7,Bd7e5,Be5d3][%mdl 32]} 19. Bg4 ({Avoid the trap} 19. Qxg7 $2 Bf4+ 20. Kb1 Rh7 $19) 19... Bg6 $1 20. Bxe6 ({White should try} 20. Qe3 $14) 20... Ne5 (20... Nf8 $5 {[%cal Rf8e6]} 21. Bg4 Nxg4 22. Qxg4 (22. hxg4 $2 Ne6 $19) 22... Ne6 $11) 21. Bg4 $1 O-O ({Black should play} 21... Kf8 $1 $14) 22. Kb1 $2 {[#]} ({Inferior is} 22. Qxh4 Nd3+ 23. Kb1 Nxf2 $17) (22. Bf5 $1 $16 {is forced if you want to stay better.}) 22... Nd3 $1 $17 23. Rxd3 (23. Bf5 $17 {was worth a try.} Nxf2 {[%mdl 64] Double Attack} 24. Bxg6 fxg6 25. Nc5 Nxh1 26. Rxh1) 23... exd3 $19 24. Bf5 {[#]} Ne4 $1 {[%cal Re4g5]} 25. Bxe4 Bxe4 26. Qe7 $2 (26. Nc5 Bh7 27. f3) 26... Rfe8 (26... Bxg2 $2 27. Rd1 $19) 27. Qxc7 d2+ 28. Ka1 Bc2 {Accuracy: White = 44%, Black = 45%.} 0-1

[Event "35th European Club Cup 2019"]
[Site "Ulcinj"]
[Date "2019.11.11"]
[Round "2.18"]
[White "Nogly, Christoph"]
[Black "Wirthensohn, Heinz"]
[Result "1-0"]
[WhiteElo "2235"]
[BlackElo "2313"]
[Annotator "TA"]
[PlyCount "39"]
[EventDate "2019.11.10"]
[EventType "team-tourn"]
[EventCountry "MNE"]
[SourceTitle "playchess.com"]
[Source "ChessBase"]
[SourceQuality "1"]
[WhiteTeam "Berlin"]
[BlackTeam "Riehen SG"]

{[%evp 11,39,20,25,24,29,33,195,164,175,185,271,290,320,312,421,426,404,399,522,511,958,960,941,936,1128,715,1285,922,910,882]} 1. d4 d5 2. Nf3 e6 3. c4 dxc4 4. Qa4+ Nd7 5. Nc3 Ngf6 6. e4 c5 7. d5 {D23: Queen's Gambit Accepted: 3 Nf3 Nf6 sidelines} exd5 8. e5 $1 {[%cal Re5f6] [#]} d4 $2 (8... b5 $1 $14 9. Qxb5 Rb8) 9. Bxc4 {Black must now prevent Ng5.White is clearly better.} dxc3 10. exf6 Qxf6 (10... gxf6 {was called for.} 11. O-O (11. bxc3 Bg7 $11) 11... Bg7) 11. Bg5 $18 Qg6 12. O-O {[#] White threatens Rfe1+ and mate.} ({Stronger than} 12. bxc3 Bd6 $11) 12... Bd6 $146 {Threatens to win with ...0-0.} ({Predecessor:} 12... f6 13. Rad1 c2 14. Rd2 fxg5 {1-0 (118) Kramnik,V (2710)-Polgar,Z (2550) Monte Carlo 1994}) 13. Rfe1+ Kf8 14. Rad1 c2 15. Rd5 {White is clearly winning.} c1=Q (15... h6 $142) 16. Bxc1 h6 17. Qd1 Bc7 18. Bb5 Ba5 19. Bd2 Bxd2 20. Qxd2 {Accuracy: White = 83%, Black = 24%.} 1-0

[Event "35th European Club Cup 2019"]
[Site "Ulcinj"]
[Date "2019.11.11"]
[Round "2.18"]
[White "Vanheirzeele, Daniel"]
[Black "Balacek, Tadeas"]
[Result "1/2-1/2"]
[WhiteElo "2105"]
[BlackElo "2337"]
[Annotator "TA"]
[PlyCount "61"]
[EventDate "2019.11.10"]
[EventType "team-tourn"]
[EventCountry "MNE"]
[SourceTitle "playchess.com"]
[Source "ChessBase"]
[SourceQuality "1"]
[WhiteTeam "KGSRL Gent"]
[BlackTeam "Lysa nad Labem"]

{[%evp 12,61,7,4,30,11,9,0,4,0,14,1,35,26,50,46,22,16,8,0,9,-16,-18,-14,-34,-40,-37,-63,-57,-51,-50,-74,-68,-64,-39,-94,-39,-67,-89,-95,-48,-77,-4,-10,-15,-13,174,152,144,147,766,732]} 1. d4 Nf6 2. Nf3 e6 3. g3 c5 4. Bg2 cxd4 5. O-O d5 6. Nxd4 e5 7. Nb3 Be7 {D02: 1 d4 d5 2 Nf3 sidelines, including 2...Nf6 3 g3 and 2...Nf6 3 Bf4} 8. Bg5 (8. Qd3 Nc6 9. Rd1 Be6 10. Bg5 e4 11. Qb5 a6 12. Qxb7 Nb4 13. Bxf6 gxf6 14. Bxe4 Rb8 15. Qa7 {½-½ (38) Aronian,L (2765)-Nakamura,H (2746) Kolkata 2018}) 8... Nbd7 9. c4 dxc4 {The position is equal.} 10. N3d2 Nb6 11. a4 a5 12. Na3 c3 13. bxc3 O-O 14. Nb5 $146 ({Predecessor:} 14. Qb3 Be6 15. c4 {½-½ (28) MacFarland,J (2206)-Kraai,J (2506) Reno 2002}) 14... Nfd5 $36 {[%mdl 2048] Black has the initiative.} 15. Bxe7 Qxe7 16. Nc4 Rd8 17. Nxb6 Nxb6 18. Qc2 Be6 19. Rab1 Nc4 {aiming for ...Nd2.} 20. Rfd1 g6 21. Rxd8+ Rxd8 22. Rd1 b6 23. h4 (23. Bc6 $15) 23... Kg7 (23... Rxd1+ $17 24. Qxd1 Qd7) 24. Rxd8 Qxd8 25. Qe4 Qd7 26. Kh2 f5 ({Black should play} 26... f6 $17) 27. Qa8 $11 e4 28. Qb8 Qd2 $2 {[#]} (28... Qc8 $11 {and Black is okay.} 29. Qa7+ Qd7) 29. Nd4 $1 $18 {[%cal Rd4e6]} Bf7 30. Qc7 {Qe7! is the strong threat.} h6 $2 {[%mdl 8192] [#]} (30... h5 $16) 31. h5 $1 {[%mdl 33280] Accuracy: White = 55%, Black = 33%. . An unexpected result.} 1/2-1/2

[Event "35th European Club Cup 2019"]
[Site "Ulcinj"]
[Date "2019.11.11"]
[Round "2.19"]
[White "Bauer, Christian"]
[Black "Dominguez Perez, Leinier"]
[Result "1/2-1/2"]
[WhiteElo "2624"]
[BlackElo "2762"]
[Annotator "TA"]
[PlyCount "36"]
[EventDate "2019.11.10"]
[EventType "team-tourn"]
[EventCountry "MNE"]
[SourceTitle "playchess.com"]
[Source "ChessBase"]
[SourceQuality "1"]
[WhiteTeam "Zurich SG"]
[BlackTeam "Mednyi Vsadnik"]

{[%evp 24,36,21,16,22,10,16,0,12,0,4,0,21,0,12]} 1. d4 Nf6 2. Nf3 $146 ({Predecessor:} 2. c4 e6 3. Nf3 {½-½ (16) Georgiev,K (2581)-Kryvoruchko,Y (2669) Mali Losinj 2019}) 2... d5 3. c4 e6 4. g3 Be7 5. Bg2 O-O 6. O-O dxc4 7. Ne5 Nc6 8. Bxc6 bxc6 9. Nxc6 Qe8 10. Nxe7+ Qxe7 11. Qa4 e5 12. dxe5 Qxe5 13. Qxc4 {The position is equal.} Be6 {E05: Open Catalan: 5 Nf3 Be7} 14. Qc2 Bf5 15. Qc4 Be6 16. Qc2 Bf5 17. Qc4 Be6 18. Qc2 Bf5 1/2-1/2

[Event "35th European Club Cup 2019"]
[Site "Ulcinj"]
[Date "2019.11.11"]
[Round "2.20"]
[White "Alekseenko, Kirill"]
[Black "Pelletier, Yannick"]
[Result "1-0"]
[WhiteElo "2715"]
[BlackElo "2561"]
[Annotator "TA"]
[PlyCount "153"]
[EventDate "2019.11.10"]
[EventType "team-tourn"]
[EventCountry "MNE"]
[SourceTitle "playchess.com"]
[Source "ChessBase"]
[SourceQuality "1"]
[WhiteTeam "Mednyi Vsadnik"]
[BlackTeam "Zurich SG"]

{[%evp 9,153,-13,15,19,23,18,23,29,41,21,47,39,57,43,52,33,33,25,26,27,75,24,56,31,52,29,39,36,51,36,54,62,56,52,90,61,69,35,24,0,0,0,0,0,0,0,0,0,0,0,0,3,131,121,216,242,246,254,229,217,216,218,241,253,240,220,178,173,539,552,513,433,552,551,5433,4978,4662,454,451,410,1266,3611,2917,1856,29952,29951,29953,29951,29956,29954,29947,29951,29953,29954,29958,0,29963,29959,29960,29956,29946,29950,29962,29961,29962,29963,29962,29959,29963,29964,29963,29965,29960,29964,29967,29968,29965,29969,29969,29970,29969,29971,29970,29970,29970,29971,29970,29971,29968,29973,29969,29974,29972,29974,29980,29981,29981,29982,29983,29984,29984,29985,29985,29986,29986,29984]} 1. e4 c6 2. Nf3 d5 3. d3 dxe4 4. dxe4 Qxd1+ 5. Kxd1 Bg4 (5... Nf6 6. Nfd2 Ng4 7. Ke1 e5 8. Nc4 b5 9. Ne3 Bc5 10. Nxg4 Bxg4 11. a4 b4 12. a5 {1-0 (41) Giri,A (2779)-Nepomniachtchi,I (2774) Amsterdam 2019}) 6. Be2 {B10: Caro-Kann: 2 d3 and 2 c4} Nd7 7. Ne1 Bxe2+ 8. Kxe2 {White has an edge.} e5 $146 ({Predecessor:} 8... e6 9. Be3 Bc5 10. Nd3 Bxe3 11. Kxe3 Ngf6 12. f3 {½-½ (44) Alonso Moyano,J (2358)-Rubio Mejia,L (2435) Linares 2019}) 9. f3 f6 10. Nd3 Nc5 11. Be3 Nxd3 12. cxd3 Bd6 13. Nd2 Ne7 14. Nc4 Kd7 15. Rhc1 (15. Rhd1 $16) 15... Rhb8 16. a4 Ng6 17. a5 Bc7 18. g3 Nf8 19. f4 exf4 20. gxf4 g6 21. Rg1 Re8 22. Kf3 a6 23. Ra3 Rad8 $1 24. Bd4 Ke7 25. Bc5+ Kf7 26. Bxf8 Kxf8 27. Rb3 Re7 28. Rd1 $36 {[%mdl 2048] White has some pressure.} Bb8 29. d4 Ba7 30. d5 f5 (30... cxd5 $1 $11 {remains equal.} 31. exd5 Rc7) 31. exf5 $16 Rxd5 (31... cxd5 $16 32. fxg6 hxg6) 32. Rxd5 $18 cxd5 $16 {[%mdl 4096] Endgame KRB-KRN} 33. f6 Re6 34. Ne5 $1 ({Less strong is} 34. Rxb7 dxc4 35. Rxa7 Rxf6 $16) 34... Bd4 35. Rxb7 {aiming for b4.} Bxe5 36. fxe5 Rxe5 $18 {KR-KR} 37. b4 $1 {[%cal Rb4b5] Hoping for b5.} ({Don't play} 37. Rxh7 $6 Rf5+ 38. Ke2 Rxf6 $16) 37... d4 38. Kf4 $1 {[%cal Rf4e5]} Re1 $2 (38... Re6 {is tougher.} 39. Rxh7 d3) 39. Rxh7 d3 {...d2 is the strong threat.} 40. Rd7 Rb1 41. Rxd3 Rxb4+ 42. Kg5 Rb2 43. Rd8+ (43. Kxg6 $142 {[%cal Rd3d8]} Rg2+ 44. Kf5) 43... Kf7 44. Rd7+ Kf8 (44... Ke8 $142 45. Re7+ Kf8) 45. Kxg6 {[%cal Rd7d8]} Rg2+ 46. Kf5 Rxh2 47. Ra7 Rf2+ 48. Ke6 {[%cal Ra7a8]} Re2+ 49. Kd5 Rf2 50. Rxa6 Kf7 51. Ke4 Ra2 52. Kd5 $2 (52. Kd4 {mates} Ra1 53. Ke5 Re1+ 54. Kd4 Rd1+ 55. Kc5 Rc1+ 56. Kd4 Ra1 57. Kc5) 52... Ra1 $2 {[%mdl 8192]} (52... Rf2 $11 53. Kc6 Rxf6+ 54. Kb7 Rf5) 53. Kc4 {White mates.} Rc1+ 54. Kd3 Ra1 55. Kc3 Kg6 56. Kb4 Rb1+ 57. Kc5 Ra1 58. Kb5 Rb1+ 59. Kc6 Ra1 60. Kb7 Kf7 61. Ra8 Kxf6 62. a6 Rb1+ 63. Ka7 Ke7 {[#]} 64. Rb8 $1 Rc1 65. Rb4 Kd7 66. Kb7 Rc7+ 67. Kb6 Rc6+ {[#]} 68. Kb5 $1 Kc7 69. a7 Rb6+ 70. Ka5 Rxb4 71. a8=Q {KQ-KR} ({Not} 71. Kxb4 Kb7 $11) 71... Rb8 72. Qa7+ Rb7 73. Qa6 Rb8 74. Qc4+ Kd7 75. Qd5+ Kc7 76. Qe5+ Kb7 77. Qd6 {Accuracy: White = 71%, Black = 53%.} 1-0

[Event "35th European Club Cup 2019"]
[Site "Ulcinj"]
[Date "2019.11.11"]
[Round "2.21"]
[White "Brunner, Lucas"]
[Black "Fedoseev, Vladimir"]
[Result "0-1"]
[WhiteElo "2441"]
[BlackElo "2672"]
[Annotator "TA"]
[PlyCount "78"]
[EventDate "2019.11.10"]
[EventType "team-tourn"]
[EventCountry "MNE"]
[SourceTitle "playchess.com"]
[Source "ChessBase"]
[SourceQuality "1"]
[WhiteTeam "Zurich SG"]
[BlackTeam "Mednyi Vsadnik"]

{[%evp 9,78,47,54,50,49,47,52,36,64,56,62,56,49,58,69,52,61,19,21,25,16,18,20,16,30,23,19,0,0,0,0,-3,-9,-20,-9,-6,-10,-16,0,0,0,-22,0,0,0,0,0,-10,-8,-13,-11,0,0,-9,-9,-14,15,0,32,0,0,0,8,-407,-405,-404,-395,-393,-390,-579,-547]} 1. Nf3 g6 2. e4 d5 3. exd5 Qxd5 4. Nc3 Qd8 5. d4 Bg7 6. Bf4 {B01: Scandinavian Defence} Nf6 7. Qd2 c6 8. h3 {White is slightly better.} b5 $146 ({Predecessor:} 8... Be6 9. Be2 Nbd7 10. O-O O-O 11. Bh6 Bd5 12. Bxg7 Kxg7 {0-1 (34) Milov,L (2539)-Tiviakov,S (2684) Neustadt an der Weinstrasse 2009}) 9. Bd3 Nbd7 10. O-O Bb7 11. Rfe1 O-O 12. Ne5 a6 13. Bh6 c5 14. Bxg7 Kxg7 15. Nxd7 Qxd7 16. dxc5 b4 17. Nd1 Qd5 {[%csl Gb7][%cal Rd5g2] [#]} 18. Ne3 Qxc5 19. a3 a5 $1 20. Rec1 Rfd8 21. axb4 axb4 22. Rxa8 Bxa8 23. Qe1 Nh5 24. Bf1 Nf4 25. Rd1 Rc8 26. Qd2 e5 27. Qd6 Be4 28. Qxc5 Rxc5 29. Rd7 Nd5 {White must now prevent ...Nxe3.} 30. Nc4 Bf5 31. Rb7 Kf6 32. Nb6 Ne7 33. Bc4 h5 34. b3 Ra5 35. Nd7+ {[%mdl 64] Discovered Attack} Kg5 36. g3 $2 {[%mdl 8192] [#]} (36. Nf8 $11 {and White stays safe.} Nc6 37. Rxf7) 36... Ra1+ $1 $19 37. Bf1 {next h4+ is good for White.} ({Avoid the trap} 37. Kh2 $2 Be4 $19) 37... Bxh3 $1 38. Nxe5 Bxf1 39. Rxe7 (39. Kh2 {was worth a try.} Kf6 40. Nd7+ Kf5 41. Rxb4) 39... Kf6 {Accuracy: White = 56%, Black = 66%.} 0-1

[Event "35th European Club Cup 2019"]
[Site "Ulcinj"]
[Date "2019.11.11"]
[Round "2.22"]
[White "Rodshtein, Maxim"]
[Black "Vogt, Lothar"]
[Result "0-1"]
[WhiteElo "2653"]
[BlackElo "2351"]
[Annotator "TA"]
[PlyCount "73"]
[EventDate "2019.11.10"]
[EventType "team-tourn"]
[EventCountry "MNE"]
[SourceTitle "playchess.com"]
[Source "ChessBase"]
[SourceQuality "1"]
[WhiteTeam "Mednyi Vsadnik"]
[BlackTeam "Zurich SG"]

{[%evp 21,73,30,37,41,38,35,63,43,71,45,72,75,69,71,81,74,112,96,95,37,32,30,62,60,66,60,64,61,69,60,64,50,64,53,61,41,118,123,115,117,115,120,114,112,108,102,110,113,181,0,0,-77,0,-135]} 1. d4 Nf6 2. c4 g6 3. Nc3 Bg7 4. e4 d6 5. h3 O-O 6. Be3 c5 7. Nf3 cxd4 8. Nxd4 Nc6 9. Be2 Bd7 10. O-O Nxd4 11. Bxd4 Bc6 12. Qc2 {B38: Sicilian: Maroczy Bind with 5...Bg7 and 7...0-0} a6 (12... a5 13. Rad1 Nd7 14. Bxg7 Kxg7 15. Bg4 Ne5 16. c5 Nxg4 17. hxg4 Qc8 18. cxd6 Qxg4 19. dxe7 Rfe8 {1-0 (43) Cheparinov,I (2711)-Amin,B (2709) Zagreb 2018}) 13. b4 Rc8 14. Qd3 {White is slightly better.} b6 $146 ({Predecessor:} 14... Qc7 15. a4 a5 16. b5 Bd7 17. Bxf6 Bxf6 18. Nd5 Qc5 19. e5 Bf5 20. Nxf6+ exf6 21. Qxd6 fxe5 22. Qxc5 Rxc5 {0-1 (86) Tsolakidou,S (2387)-Saduakassova,D (2472) St Petersburg 2018}) 15. Rac1 Rb8 16. Rfd1 b5 17. cxb5 axb5 18. Qe3 Rb7 19. Bf3 {Black must now prevent e5.} Rd7 20. Nd5 (20. e5 $16 dxe5 21. Bxe5 (21. Bxc6 Rxd4 22. Bxb5 Qd6 $11) 21... Bxf3 22. Qxf3) 20... Bxd5 $14 21. exd5 Qa8 22. a3 Ne8 23. Bb6 Rb7 24. Rc6 $36 {[%mdl 2048] White is more active.} Nf6 25. Ba5 Re8 26. Rdc1 Nd7 27. Be2 Ne5 28. R6c2 Nc4 ({Black should try} 28... Bf6 $14) 29. Bxc4 $16 bxc4 30. Rxc4 Rb5 31. Rc7 Bf6 32. a4 Rxd5 33. Ra7 Qb8 34. Qb6 Rd2 (34... Rd3 $16) 35. Rb7 $2 (35. b5 $18 Rb2 36. Qxb8 Rxb8 37. Rd1) 35... Qa8 $11 36. Ra7 {[#]} (36. Qc6 $11) 36... Qd5 ({Black should play} 36... Qe4 $1 $17 {Threatens to win with ...Bd4!} 37. Qb7 Qf4) 37. Qb7 {Accuracy: White = 61%, Black = 41%.} (37. Qb5 $11 {was the only way to keep the balance.} Rd1+ 38. Rxd1 Qxd1+ 39. Qf1 Qxa4 40. b5) 0-1

[Event "35th European Club Cup 2019"]
[Site "Ulcinj"]
[Date "2019.11.11"]
[Round "2.23"]
[White "Friedrich, Norbert"]
[Black "Ponkratov, Pavel"]
[Result "0-1"]
[WhiteElo "2263"]
[BlackElo "2619"]
[Annotator "TA"]
[PlyCount "74"]
[EventDate "2019.11.10"]
[EventType "team-tourn"]
[EventCountry "MNE"]
[SourceTitle "playchess.com"]
[Source "ChessBase"]
[SourceQuality "1"]
[WhiteTeam "Zurich SG"]
[BlackTeam "Mednyi Vsadnik"]

{[%evp 16,74,37,31,51,56,125,102,112,119,160,152,154,133,170,112,106,106,106,112,93,93,157,21,38,32,31,0,0,0,0,0,2,-3,0,0,0,-13,-11,-11,-11,-8,-5,-36,-7,-20,-12,-15,0,0,0,0,13,0,0,-12,-12,-41,-39,-872,-811]} 1. e4 c5 2. c3 d5 3. exd5 Qxd5 4. d4 Nf6 5. Nf3 e6 6. Na3 Be7 7. Nb5 Na6 8. Be2 O-O 9. O-O Rd8 {B22: Sicilian: 2 c3} (9... Qd8 10. Bf4 cxd4 11. Nbxd4 Nc5 12. Qc2 Bd6 13. Bg5 e5 14. Nf5 Nce4 15. Nxd6 Qxd6 16. Rad1 Qc7 17. Bh4 {1-0 (41) Zhigalko,S (2678)-Grachev,B (2672) Kocaeli 2014}) 10. Ne5 {Threatens to win with Bf3.} Rf8 $146 (10... cxd4 $14 11. cxd4 Rf8) ({Predecessor:} 10... cxd4 11. cxd4 Bd7 12. Bc4 Qe4 13. Re1 Qh4 14. g3 Qh3 15. Bf1 Qh5 16. Be2 Qh3 17. Nc3 {1-0 (29) Simutowe,A (2486)-Pomaro,A (2278) Verona 2009}) 11. Bf3 $16 Qd8 {White is better.} 12. Qe2 cxd4 13. Nxd4 Nc5 14. Rd1 Nfd7 {[#]} 15. Bf4 (15. Nc4 $1 $18) 15... Nxe5 16. Bxe5 Qb6 17. a4 {Strongly threatening a5.} a5 18. Qb5 Ra6 (18... Qxb5 $142 19. Nxb5 Nb3) 19. Be2 (19. Qxb6 $16 Rxb6 20. b4 axb4 21. a5) 19... f6 $1 $11 {[%cal Rf6e5]} 20. Bg3 e5 21. Bc4+ (21. Nc2 {looks sharper.} Nb3 22. Rab1 Be6 23. Ne3 Bc5 24. Nd5) 21... Kh8 22. Qxb6 Rxb6 23. Nb5 Ne4 24. Bd5 Nxg3 25. hxg3 f5 26. Na3 Rxb2 {Hoping for ...Bc5.} 27. Nc4 {[%mdl 64] [#] Double Attack} Rc2 {Black wants to play ...Bc5.} 28. Nxe5 g6 29. c4 f4 30. gxf4 Rxf4 31. Nd3 Rf6 32. Re1 $36 {[%mdl 2048] White is more active.} Bf8 33. Re8 Bd7 34. Rd8 Bf5 35. Ne5 ({Reject} 35. Bxb7 Rd2 $17) 35... Kg7 36. Rb1 {And now g4 would win.} b6 {White must now prevent ...Re2.} 37. Rxb6 $2 {[%mdl 8192]} (37. g4 $15 Re2 38. gxf5 Rxe5 39. fxg6) 37... Rxb6 {Accuracy: White = 48%, Black = 60%.} 0-1

[Event "35th European Club Cup 2019"]
[Site "Ulcinj"]
[Date "2019.11.11"]
[Round "2.24"]
[White "Goganov, Aleksey"]
[Black "Goldstern, Filip"]
[Result "1-0"]
[WhiteElo "2565"]
[BlackElo "2279"]
[Annotator "TA"]
[PlyCount "61"]
[EventDate "2019.11.10"]
[EventType "team-tourn"]
[EventCountry "MNE"]
[SourceTitle "playchess.com"]
[Source "ChessBase"]
[SourceQuality "1"]
[WhiteTeam "Mednyi Vsadnik"]
[BlackTeam "Zurich SG"]

{[%evp 21,61,52,47,49,57,56,70,56,72,0,0,0,38,41,31,33,65,49,193,27,20,22,35,10,165,165,168,168,194,191,155,100,229,227,221,216,29988,29989,29989,29990,29990,29991]} 1. d4 Nf6 2. c4 e6 3. Nf3 c5 4. d5 d6 5. Nc3 exd5 6. cxd5 g6 7. Nd2 Nbd7 8. e4 Bg7 9. Be2 O-O 10. O-O Ne8 11. a4 Nc7 12. Nc4 {A73: Modern Benoni: Classical: Unusual Black 9th moves} Ne5 13. Ne3 f5 14. f4 {White is slightly better.} Nf7 {[#]} 15. Kh1 $146 (15. exf5 $1 $16 Bxf5 16. Nxf5 gxf5 17. Be3) ({Predecessor:} 15. exf5 gxf5 16. Bd3 Nh6 17. Bd2 Bd7 18. Qc2 a6 19. Ne2 b5 {1-0 (46) Hansen,C (2635)-De Firmian,N (2542) Malmo/Copenhagen 2004}) 15... fxe4 $11 16. Nxe4 Qe7 17. Bf3 $1 b6 18. Re1 Bb7 19. Bd2 Nxd5 {[#]} ({But not} 19... Bxb2 20. Nc4 $16) (19... Rae8 $14) 20. Nxd5 $2 (20. Nxc5 $1 $18 {[%mdl 512]} Nxe3 (20... bxc5 21. Nxd5) 21. Nxb7 Nxd1 22. Rxe7 Nxb2 23. Bd5) 20... Bxd5 {[#]} 21. Nxc5 $1 {[%mdl 576] Discovered Attack} Bxf3 (21... bxc5 22. Rxe7) 22. gxf3 (22. Rxe7 $2 {loses.} Bxd1 23. Ne6 Bg4 $19) 22... Qh4 $2 (22... Ne5 $1 $11 {and Black is okay.}) 23. Ne6 $18 Bxb2 24. Rb1 Bf6 25. Nxf8 Rxf8 26. Re6 ({Better is} 26. Rc1) 26... Bg7 (26... Nh6 $16) 27. Qe2 Nh6 {intending ...Nf5.} 28. Re8 ({Resist} 28. Rxd6 $6 Nf5) 28... Nf5 $2 (28... Qh3 $18 29. Rc1 Qd7) 29. Qe6+ {White mates.} Kh8 30. Rxf8+ Bxf8 31. Bc3+ {Accuracy: White = 61%, Black = 37%.} 1-0